000 00730nam a2200241Ia 4500
008
020 _a0619216166 (pbk.)
049 _aMAIN
090 _aQA76.76.O63
_bWEL
100 1 _aWells, Nicholas.
245 1 4 _aThe complete guide to Linux system administration /
_cNicholas Wells.
246 3 0 _aLinux system administration.
260 _aBoston, Mass. :
_bThomson Course Technology,
_cc2005.
300 _axxv, 869 p. :
_bill. ;
_c24 cm.
500 _aIncludes index.
630 0 0 _aLinux.
650 0 _aOperating systems (Computers).
907 _a.b10324902
_b16-01-13
_c12-12-12
003
005 20230123125511.0
040 _cNUST
942 _cBOOKS
_kQA76.76.O63
_mWEL
999 _c142603
_d142603